Trình biên dịch : Nguyên lý, kỹ thuật và công cụ

Nội dung sách trình bày một cách hệ thống những vấn đề cơ bản của việc thiết kế trình biên dịch như: phân tích từ vựng, phân tích cú pháp, kiểm tra kiểu, xử lý bộ nhớ, sinh mã trung gian, tối ưu mã trung gian và sinh mã đối tượng. Đồn...

全面介绍

Đã lưu trong:
书目详细资料
主要作者: Aho, Alfred V.
格式: 图书
语言:Undetermined
出版: Hà Nội Thống Kê 2000
主题:
标签: 添加标签
没有标签, 成为第一个标记此记录!
Thư viện lưu trữ: Trung tâm Học liệu Trường Đại học Cần Thơ
LEADER 01224nam a2200193Ia 4500
001 CTU_47352
008 210402s9999 xx 000 0 und d
082 |a 005.453 
082 |b A287/T.1 
100 |a Aho, Alfred V. 
245 0 |a Trình biên dịch : 
245 0 |b Nguyên lý, kỹ thuật và công cụ 
245 0 |c Alfred V. Aho, Ravi Sethi, Jeffrey D. Ullman ; Dịch giả: Trần Đức Quang 
260 |a Hà Nội 
260 |b Thống Kê 
260 |c 2000 
520 |a Nội dung sách trình bày một cách hệ thống những vấn đề cơ bản của việc thiết kế trình biên dịch như: phân tích từ vựng, phân tích cú pháp, kiểm tra kiểu, xử lý bộ nhớ, sinh mã trung gian, tối ưu mã trung gian và sinh mã đối tượng. Đồng thời, sách thảo luận sâu sắc đặc thù của một số trình biên dịch của ngôn ngữ lập trình thông dụng hiện nay như Pascal C. 
650 |a Trình biên dịch (chương trình máy tính),Compilers (computer programs) 
980 |a Trung tâm Học liệu Trường Đại học Cần Thơ